000 00565nam a22001937a 4500
007 00
008 170214b xxu||||| |||| 00| 0 eng d
020 _a2-84291-030-3
040 _aBUAC
_cBUC
041 _aFre.
100 _aMESPLEDE , Jacques
245 _aCapes externe 1991-1997, agrégation de physique 1991-1997
_c/ par Jacques Mesplède
260 _aRosny :
_bBréal ,
_c1997.
300 _a352 p.
_c24 cm.
440 _a(Problèmes de chimie avec solutions et annexes)
630 _aSCIENCES EXACTES
650 _aCHIMIE GENERALE
942 _cLBA
999 _c55845
_d55845